[Event "FIN-ch Seniors 2019"]
[Site "Helsinki"]
[Date "2019.06.12"]
[Round "3.4"]
[White "Auvinen, Esa"]
[Black "Terasalo, Kari"]
[Result "1-0"]
[WhiteElo "1899"]
[BlackElo "1780"]
[Annotator "NA"]
[PlyCount "93"]
[EventDate "2019.06.10"]
[EventType "swiss"]
[EventCountry "FIN"]
[SourceTitle "playchess.com"]
[Source "ChessBase"]
[SourceQuality "1"]
[TimeControl "40/5400+30:1800+30"]

1. e4 {[%emt 1:30:30]} c5 {[%emt 1:30:30]} 2. Nf3 {[%emt 0:00:30]} Nc6 {
[%emt 0:00:30]} 3. d4 {[%emt 0:00:30]} cxd4 {[%emt 0:00:30]} 4. Nxd4 {[%emt 0:
00:30]} Nf6 {[%emt 0:00:30]} 5. Nc3 {[%emt 0:00:30]} a6 {[%emt 0:00:30]} 6. Be2
{[%emt 0:00:30]} e5 {[%emt 0:00:30]} 7. Nb3 {[%emt 0:00:30]} Bb4 {[%emt 0:00:
30]} 8. Bf3 {[%emt 0:00:30]} O-O {[%emt 0:00:30]} 9. O-O {[%emt 0:00:30]} Re8 {
[%emt 0:00:30]} 10. Bg5 {[%emt 0:00:30]} Bxc3 {[%emt 0:00:30]} 11. bxc3 {
[%emt 0:00:30]} d6 {[%emt 0:00:30]} 12. Qd2 {[%emt 0:00:30]} h6 {[%emt 0:00:30]
} 13. Be3 {[%emt 0:00:30]} Bg4 {[%emt 0:00:30]} 14. Qe2 {[%emt 0:00:30]} h5 {
[%emt 0:00:30]} 15. Bg5 {[%emt 0:00:30]} Bxf3 {[%emt 0:00:30]} 16. Qxf3 {
[%emt 0:00:30]} Re6 {[%emt 0:00:30]} 17. Bxf6 {[%emt 0:00:30]} Rxf6 {[%emt 0:
00:30]} 18. Qxh5 {[%emt 0:00:30]} Rh6 {[%emt 0:00:30]} 19. Qg4 {[%emt 0:00:30]}
Rg6 {[%emt 0:00:30]} 20. Qe2 {[%emt 0:00:30]} Qg5 {[%emt 0:00:30]} 21. g3 {
[%emt 0:00:30]} Kh7 {[%emt 0:00:30]} 22. Rad1 {[%emt 0:00:30]} Rh8 {[%emt 0:00:
30]} 23. Nd2 {[%emt 0:00:30]} Nd8 {[%emt 0:00:30]} 24. Nc4 {[%emt 0:00:30]} Qh6
{[%emt 0:00:30]} 25. Qe3 {[%emt 0:00:30]} Qh3 {[%emt 0:00:30]} 26. Qf3 {
[%emt 0:00:30]} Qh6 {[%emt 0:00:30]} 27. Qg2 {[%emt 0:00:30]} b5 {[%emt 0:00:
30]} 28. Ne3 {[%emt 0:00:30]} Qg5 {[%emt 0:00:30]} 29. Nf5 {[%emt 0:00:30]} Qg4
{[%emt 0:00:30]} 30. Rxd6 {[%emt 0:00:30]} Rxd6 {[%emt 0:00:30]} 31. Nxd6 {
[%emt 0:00:30]} Qe6 {[%emt 0:00:30]} 32. Nf5 {[%emt 0:00:30]} g6 {[%emt 0:00:
30]} 33. Qh3+ {[%emt 0:00:30]} Kg8 {[%emt 0:00:30]} 34. Nh6+ {[%emt 0:00:30]}
Kg7 {[%emt 0:00:30]} 35. Qxe6 {[%emt 0:00:30]} Nxe6 {[%emt 0:00:30]} 36. Ng4 {
[%emt 0:00:30]} Rd8 {[%emt 0:00:30]} 37. Ne3 {[%emt 0:00:30]} Ng5 {[%emt 0:00:
30]} 38. Rd1 {[%emt 0:00:30]} Rxd1+ {[%emt 0:00:30]} 39. Nxd1 {[%emt 0:00:30]}
Nxe4 {[%emt 0:00:30]} 40. Kf1 {[%emt 0:00:30]} f5 {[%emt 0:00:30]} 41. Ke2 {
[%emt 0:30:30]} Kf6 {[%emt 0:30:30]} 42. f3 {[%emt 0:00:30]} Nd6 {[%emt 0:00:
30]} 43. Kd3 {[%emt 0:00:30]} Ke6 {[%emt 0:00:30]} 44. h4 {[%emt 0:00:30]} Kf6
{[%emt 0:00:30]} 45. Ne3 {[%emt 0:00:30]} Ke6 {[%emt 0:00:30]} 46. g4 {[%emt 0:
00:30]} f4 {[%emt 0:00:30]} 47. Nf1 {[%emt 0:00:30]} 1-0

[Event "FIN-ch Seniors 2019"]
[Site "Helsinki"]
[Date "2019.06.12"]
[Round "3.5"]
[White "Kivipelto, Kaj"]
[Black "Ruotanen, Helge"]
[Result "1-0"]
[WhiteElo "2130"]
[BlackElo "1920"]
[Annotator "NA"]
[PlyCount "45"]
[EventDate "2019.06.10"]
[EventType "swiss"]
[EventCountry "FIN"]
[SourceTitle "playchess.com"]
[Source "ChessBase"]
[SourceQuality "1"]
[TimeControl "40/5400+30:1800+30"]

1. b3 {[%emt 0:00:00]} e5 {[%emt 0:00:56]} 2. Bb2 {[%emt 0:00:02]} Nc6 {
[%emt 0:00:02]} 3. c4 {[%emt 0:00:14]} a5 {[%emt 0:00:33]} 4. Nc3 {[%emt 0:00:
43]} Nf6 {[%emt 0:00:04]} 5. Nf3 {[%emt 0:01:10]} Bc5 {[%emt 0:00:53]} 6. e3 {
[%emt 0:00:51]} O-O {[%emt 0:04:14]} 7. d3 {[%emt 0:01:15]} d5 {[%emt 0:01:02]}
8. cxd5 {[%emt 0:01:15]} Nxd5 {[%emt 0:00:04]} 9. a3 {[%emt 0:01:02]} Bg4 {
[%emt 0:02:34]} 10. Nxd5 {[%emt 0:02:22]} Qxd5 {[%emt 0:00:13]} 11. Be2 {
[%emt 0:01:05]} Rad8 {[%emt 0:01:53]} 12. Qc2 {[%emt 0:03:00]} Rfe8 {[%emt 0:
04:12]} 13. Rc1 {[%emt 0:13:05]} Bb6 {[%emt 0:00:29]} 14. O-O {[%emt 0:14:35]}
Re6 {[%emt 0:05:46]} 15. Qc4 {[%emt 0:03:19]} Bxf3 {[%emt 0:15:07]} 16. gxf3 {
[%emt 0:01:57]} Qd6 {[%emt 0:03:08]} 17. Kh1 {[%emt 0:02:09]} Nd4 {[%emt 0:04:
01]} 18. Bd1 {[%emt 0:05:27]} Rh6 {[%emt 0:00:47]} 19. Rg1 {[%emt 0:00:27]} e4
{[%emt 0:08:48]} 20. Rg2 {[%emt 0:11:27]} exf3 {[%emt 0:06:28]} 21. Bxf3 {
[%emt 0:00:52]} Nxf3 {[%emt 0:00:27]} 22. Rxg7+ {[%emt 0:00:14]} Kh8 {[%emt 0:
00:33]} 23. Rg6+ {[%emt 0:10:39]} 1-0

[Event "FIN-ch Seniors 2019"]
[Site "Helsinki"]
[Date "2019.06.12"]
[Round "3.6"]
[White "Patola, Eero"]
[Black "Nyrhinen, Harri"]
[Result "0-1"]
[WhiteElo "1853"]
[BlackElo "2001"]
[Annotator "NA"]
[PlyCount "76"]
[EventDate "2019.06.10"]
[EventType "swiss"]
[EventCountry "FIN"]
[SourceTitle "playchess.com"]
[Source "ChessBase"]
[SourceQuality "1"]
[TimeControl "40/5400+30:1800+30"]

1. c4 {[%emt 1:30:30]} f5 {[%emt 1:30:30]} 2. d4 {[%emt 0:00:30]} Nf6 {[%emt 0:
00:30]} 3. Nc3 {[%emt 0:00:30]} e6 {[%emt 0:00:30]} 4. g3 {[%emt 0:00:30]} d5 {
[%emt 0:00:30]} 5. cxd5 {[%emt 0:00:30]} exd5 {[%emt 0:00:30]} 6. Bg2 {[%emt 0:
00:30]} c6 {[%emt 0:00:30]} 7. Nf3 {[%emt 0:00:30]} Bd6 {[%emt 0:00:30]} 8. Qc2
{[%emt 0:00:30]} Ne4 {[%emt 0:00:30]} 9. Nd2 {[%emt 0:00:30]} O-O {[%emt 0:00:
30]} 10. Ndxe4 {[%emt 0:00:30]} fxe4 {[%emt 0:00:30]} 11. Be3 {[%emt 0:00:30]}
Nd7 {[%emt 0:00:30]} 12. h4 {[%emt 0:00:30]} Nf6 {[%emt 0:00:30]} 13. Kd2 {
[%emt 0:00:30]} Ng4 {[%emt 0:00:30]} 14. Raf1 {[%emt 0:00:30]} Qc7 {[%emt 0:00:
30]} 15. Nd1 {[%emt 0:00:30]} Qa5+ {[%emt 0:00:30]} 16. Nc3 {[%emt 0:00:30]}
Bd7 {[%emt 0:00:30]} 17. Bh3 {[%emt 0:00:30]} Nxe3 {[%emt 0:00:30]} 18. Kxe3 {
[%emt 0:00:30]} Bxh3 {[%emt 0:00:30]} 19. Rxh3 {[%emt 0:00:30]} Rac8 {[%emt 0:
00:30]} 20. Qa4 {[%emt 0:00:30]} Qb6 {[%emt 0:00:30]} 21. Qb3 {[%emt 0:00:30]}
Qc7 {[%emt 0:00:30]} 22. Nd1 {[%emt 0:00:30]} a5 {[%emt 0:00:30]} 23. Kd2 {
[%emt 0:00:30]} Bb4+ {[%emt 0:00:30]} 24. Kc2 {[%emt 0:00:30]} Qd7 {[%emt 0:00:
30]} 25. Rh2 {[%emt 0:00:30]} c5 {[%emt 0:00:30]} 26. Kb1 {[%emt 0:00:30]} cxd4
{[%emt 0:00:30]} 27. e3 {[%emt 0:00:30]} Bd2 {[%emt 0:00:30]} 28. a4 {[%emt 0:
00:30]} Rc1+ {[%emt 0:00:30]} 29. Ka2 {[%emt 0:00:30]} Rc4 {[%emt 0:00:30]} 30.
exd4 {[%emt 0:00:30]} Rxa4+ {[%emt 0:00:30]} 31. Kb1 {[%emt 0:00:30]} Rc8 {
[%emt 0:00:30]} 32. Ne3 {[%emt 0:00:30]} Bxe3 {[%emt 0:00:30]} 33. fxe3 {
[%emt 0:00:30]} Rb4 {[%emt 0:00:30]} 34. Qa2 {[%emt 0:00:30]} Qb5 {[%emt 0:00:
30]} 35. Rc1 {[%emt 0:00:30]} Rxc1+ {[%emt 0:00:30]} 36. Kxc1 {[%emt 0:00:30]}
Ra4 {[%emt 0:00:30]} 37. Qb1 {[%emt 0:00:30]} Qf1+ {[%emt 0:00:30]} 38. Kc2 {
[%emt 0:00:30]} Rc4+ {[%emt 0:00:30]} 0-1

[Event "FIN-ch Seniors 2019"]
[Site "Helsinki"]
[Date "2019.06.12"]
[Round "3.7"]
[White "Sihvonen, Tero"]
[Black "Lyly, Seppo"]
[Result "1-0"]
[WhiteElo "1983"]
[BlackElo "1907"]
[Annotator "NA"]
[PlyCount "35"]
[EventDate "2019.06.10"]
[EventType "swiss"]
[EventCountry "FIN"]
[SourceTitle "playchess.com"]
[Source "ChessBase"]
[SourceQuality "1"]
[TimeControl "40/5400+30:1800+30"]

1. e4 {[%emt 0:00:15]} e5 {[%emt 0:00:00]} 2. d4 {[%emt 0:01:31]} exd4 {
[%emt 0:00:00]} 3. Bc4 {[%emt 0:01:44]} Nc6 {[%emt 0:01:55]} 4. Nf3 {[%emt 0:
01:11]} Nf6 {[%emt 0:15:15]} 5. e5 {[%emt 0:06:51]} d5 {[%emt 0:02:51]} 6. Bb5
{[%emt 0:01:49]} Ne4 {[%emt 0:01:21]} 7. Nxd4 {[%emt 0:02:57]} Bd7 {[%emt 0:01:
03]} 8. Bxc6 {[%emt 0:00:05]} bxc6 {[%emt 0:00:24]} 9. O-O {[%emt 0:00:18]} Be7
{[%emt 0:01:02]} 10. Nd2 {[%emt 0:10:08]} Nxd2 {[%emt 0:06:15]} 11. Bxd2 {
[%emt 0:01:39]} O-O {[%emt 0:00:38]} 12. f4 {[%emt 0:05:33]} c5 {[%emt 0:06:06]
} 13. Ne2 {[%emt 0:02:11]} f6 {[%emt 0:02:05]} 14. Ba5 {[%emt 0:03:29]} fxe5 {
[%emt 0:03:23]} 15. Qxd5+ {[%emt 0:02:16]} Kh8 {[%emt 0:00:17]} 16. fxe5 {
[%emt 0:02:41]} Qc8 {[%emt 0:09:09]} 17. Rxf8+ {[%emt 0:04:20]} Bxf8 {[%emt 0:
00:10]} 18. Nf4 {[%emt 0:03:57]} 1-0

[Event "FIN-ch Seniors 2019"]
[Site "Helsinki"]
[Date "2019.06.12"]
[Round "3.8"]
[White "Gronroos, Matti"]
[Black "Sorri, Kari Juhani"]
[Result "1/2-1/2"]
[WhiteElo "1931"]
[BlackElo "2184"]
[Annotator "NA"]
[PlyCount "132"]
[EventDate "2019.06.10"]
[EventType "swiss"]
[EventCountry "FIN"]
[SourceTitle "playchess.com"]
[Source "ChessBase"]
[SourceQuality "1"]
[TimeControl "40/5400+30:1800+30"]

1. e4 {[%emt 1:30:30]} e5 {[%emt 1:30:30]} 2. Nf3 {[%emt 0:00:30]} Nc6 {
[%emt 0:00:30]} 3. Nc3 {[%emt 0:00:30]} d6 {[%emt 0:00:30]} 4. Bb5 {[%emt 0:00:
30]} Be7 {[%emt 0:00:30]} 5. d4 {[%emt 0:00:30]} exd4 {[%emt 0:00:30]} 6. Nxd4
{[%emt 0:00:30]} Bd7 {[%emt 0:00:30]} 7. Bxc6 {[%emt 0:00:30]} bxc6 {[%emt 0:
00:30]} 8. O-O {[%emt 0:00:30]} Nf6 {[%emt 0:00:30]} 9. Qf3 {[%emt 0:00:30]}
O-O {[%emt 0:00:30]} 10. Nf5 {[%emt 0:00:30]} Bxf5 {[%emt 0:00:30]} 11. Qxf5 {
[%emt 0:00:30]} Rb8 {[%emt 0:00:30]} 12. b3 {[%emt 0:00:30]} Qd7 {[%emt 0:00:
30]} 13. Qa5 {[%emt 0:00:30]} d5 {[%emt 0:00:30]} 14. Bb2 {[%emt 0:00:30]} dxe4
{[%emt 0:00:30]} 15. Qxa7 {[%emt 0:00:30]} Bd6 {[%emt 0:00:30]} 16. Qa5 {
[%emt 0:00:30]} Ng4 {[%emt 0:00:30]} 17. h3 {[%emt 0:00:30]} Nh2 {[%emt 0:00:
30]} 18. Rfd1 {[%emt 0:00:30]} Nf3+ {[%emt 0:00:30]} 19. gxf3 {[%emt 0:00:30]}
Qxh3 {[%emt 0:00:30]} 20. Rxd6 {[%emt 0:00:30]} cxd6 {[%emt 0:00:30]} 21. Qg5 {
[%emt 0:00:30]} h6 {[%emt 0:00:30]} 22. Qg3 {[%emt 0:00:30]} Qxg3+ {[%emt 0:00:
30]} 23. fxg3 {[%emt 0:00:30]} exf3 {[%emt 0:00:30]} 24. Kf2 {[%emt 0:00:30]}
Rfe8 {[%emt 0:00:30]} 25. Kxf3 {[%emt 0:00:30]} d5 {[%emt 0:00:30]} 26. Rd1 {
[%emt 0:00:30]} g5 {[%emt 0:00:30]} 27. a4 {[%emt 0:00:30]} Re6 {[%emt 0:00:30]
} 28. Rd2 {[%emt 0:00:30]} Kh7 {[%emt 0:00:30]} 29. Re2 {[%emt 0:00:30]} d4 {
[%emt 0:00:30]} 30. Nd1 {[%emt 0:00:30]} d3 {[%emt 0:00:30]} 31. cxd3 {[%emt 0:
00:30]} Rxe2 {[%emt 0:00:30]} 32. Kxe2 {[%emt 0:00:30]} Rxb3 {[%emt 0:00:30]}
33. a5 {[%emt 0:00:30]} Rb8 {[%emt 0:00:30]} 34. Bd4 {[%emt 0:00:30]} Rb4 {
[%emt 0:00:30]} 35. Bb6 {[%emt 0:00:30]} Ra4 {[%emt 0:00:30]} 36. Nc3 {[%emt 0:
00:30]} Ra3 {[%emt 0:00:30]} 37. Ne4 {[%emt 0:00:30]} f5 {[%emt 0:00:30]} 38.
Nd6 {[%emt 0:00:30]} Kg6 {[%emt 0:00:30]} 39. Nc4 {[%emt 0:00:30]} Ra2+ {
[%emt 0:00:30]} 40. Ke3 {[%emt 0:00:30]} h5 {[%emt 0:00:30]} 41. Ne5+ {[%emt 0:
30:30]} Kf6 {[%emt 0:30:30]} 42. Nxc6 {[%emt 0:00:30]} f4+ {[%emt 0:00:30]} 43.
gxf4 {[%emt 0:00:30]} g4 {[%emt 0:00:30]} 44. Bd8+ {[%emt 0:00:30]} Ke6 {
[%emt 0:00:30]} 45. Bh4 {[%emt 0:00:30]} Kd6 {[%emt 0:00:30]} 46. Ne5 {[%emt 0:
00:30]} Kd5 {[%emt 0:00:30]} 47. Nc4 {[%emt 0:00:30]} Ra1 {[%emt 0:00:30]} 48.
Kf2 {[%emt 0:00:30]} Ke6 {[%emt 0:00:30]} 49. Bd8 {[%emt 0:00:30]} Kf5 {
[%emt 0:00:30]} 50. Bg5 {[%emt 0:00:30]} Ra2+ {[%emt 0:00:30]} 51. Kg3 {
[%emt 0:00:30]} Ra1 {[%emt 0:00:30]} 52. Be7 {[%emt 0:00:30]} Ke6 {[%emt 0:00:
30]} 53. Ba3 {[%emt 0:00:30]} Kd7 {[%emt 0:00:30]} 54. f5 {[%emt 0:00:30]} Rf1
{[%emt 0:00:30]} 55. Ne5+ {[%emt 0:00:30]} Kc7 {[%emt 0:00:30]} 56. Nxg4 {
[%emt 0:00:30]} Rg1+ {[%emt 0:00:30]} 57. Kh4 {[%emt 0:00:30]} hxg4 {[%emt 0:
00:30]} 58. f6 {[%emt 0:00:30]} g3 {[%emt 0:00:30]} 59. Kh3 {[%emt 0:00:30]} g2
{[%emt 0:00:30]} 60. f7 {[%emt 0:00:30]} Rf1 {[%emt 0:00:30]} 61. Kxg2 {
[%emt 0:00:30]} Rxf7 {[%emt 0:00:30]} 62. d4 {[%emt 0:00:30]} Kc6 {[%emt 0:00:
30]} 63. Bc5 {[%emt 0:00:30]} Kb5 {[%emt 0:00:30]} 64. Bb6 {[%emt 0:00:30]} Rf4
{[%emt 0:00:30]} 65. Kg3 {[%emt 0:00:30]} Rxd4 {[%emt 0:00:30]} 66. Bxd4 {
[%emt 0:00:30]} Kxa5 {[%emt 0:00:30]} 1/2-1/2

[Event "FIN-ch Seniors 2019"]
[Site "Helsinki"]
[Date "2019.06.13"]
[Round "4.1"]
[White "Aakio, Seppo"]
[Black "Hurme, Harri"]
[Result "1/2-1/2"]
[WhiteElo "2051"]
[BlackElo "2122"]
[Annotator "TA"]
[PlyCount "43"]
[EventDate "2019.06.10"]
[EventType "swiss"]
[EventCountry "FIN"]
[SourceTitle "playchess.com"]
[Source "ChessBase"]
[SourceQuality "1"]

{[%evp 16,43,8,0,16,24,74,84,76,67,60,74,72,75,132,50,51,38,45,10,38,15,14,10,
21,17,35,22,23,14]} 1. e4 e5 2. Nf3 Nc6 3. d4 exd4 4. Nxd4 Nf6 5. Nc3 Bb4 6.
Nxc6 bxc6 7. Bd3 O-O 8. O-O Re8 9. Qf3 Bd6 {C47: Scotch Four Knights and Four
Knights with 4 g3} (9... d5 10. exd5 cxd5 11. h3 c6 12. Bf4 Bxc3 13. bxc3 Ne4
14. Rfe1 Qf6 15. c4 Bxh3 16. cxd5 cxd5 17. c4 {0-1 (47) Piorun,K (2633)-Duda,J
(2724) Warsaw 2018}) 10. Bf4 Be5 11. Bxe5 Rxe5 {White is better.} 12. Qg3 d6
13. f4 Re8 14. Rae1 $146 ({Predecessor:} 14. h3 a5 15. e5 dxe5 16. Rad1 Qe7 17.
fxe5 Qxe5 {1-0 (27) Ditter,J-Gerr,M Wuerzburg 1994}) 14... Rb8 (14... Nd7 $142)
15. b3 (15. e5 $16 Nd7 16. b3) 15... Nd7 $1 $14 16. Nd1 Nc5 17. Nf2 a5 18. Re2
a4 19. Rfe1 axb3 20. axb3 Ra8 21. h3 h6 22. Kh2 {Accuracy: White = 64%, Black
= 53%.} 1/2-1/2

[Event "FIN-ch Seniors 2019"]
[Site "Helsinki"]
[Date "2019.06.13"]
[Round "4.2"]
[White "Kivipelto, Kaj"]
[Black "Auvinen, Esa"]
[Result "1/2-1/2"]
[WhiteElo "2130"]
[BlackElo "1899"]
[Annotator "TA"]
[PlyCount "45"]
[EventDate "2019.06.10"]
[EventType "swiss"]
[EventCountry "FIN"]
[SourceTitle "playchess.com"]
[Source "ChessBase"]
[SourceQuality "1"]

{[%evp 9,45,16,11,11,16,6,7,0,6,0,0,-19,-13,-20,-9,-10,-16,-24,-31,-97,-7,-22,
9,30,25,20,156,154,152,0,0,0,0,0,0,0,0,0]} 1. b3 d5 2. Bb2 c5 3. Nf3 Nc6 4. e3
e6 5. d4 (5. Bb5 Nge7 6. O-O a6 7. Be2 d4 8. Re1 Ng6 9. Bd3 Be7 10. Be4 e5 11.
exd4 exd4 12. c3 O-O 13. cxd4 Nxd4 14. Nxd4 cxd4 {0-1 (35) Sadzikowski,D (2587)
-Najer,E (2693) Czech Republic 2017}) 5... cxd4 6. exd4 {A06: Réti Opening:1
Nf3 d5} Nf6 7. Be2 Bd6 8. O-O O-O 9. Nbd2 b6 10. Ne5 Bb7 11. h3 $146 ({
Predecessor:} 11. Ndf3 Ne4 12. Nxc6 Bxc6 13. Ne5 {0-1 (62) Kaminsky,L (1879)
-Barancik,M (1902) Slovakia 2010}) 11... Rc8 12. Nxc6 Rxc6 13. Bd3 $1 Qc8 14.
Qe2 (14. c4 $15) 14... Rc7 (14... Rxc2 $17 15. Rfc1 Rxc1+ 16. Rxc1 Qa8) 15. c4
Qa8 {[#]} 16. c5 $1 {[%mdl 512]} bxc5 17. dxc5 Bxc5 (17... Be7 $1 $11 {keeps
the balance.}) 18. Bxf6 $1 $16 gxf6 {[#]} 19. Qh5 $2 ({Not} 19. Qg4+ Kh8 $11) (
19. Bxh7+ $1 $16 {[%mdl 512]} Kh8 (19... Kxh7 20. Qh5+) 20. Bd3) 19... f5 $11 {
And now ...f6 would win.The position is equal.} 20. Qg5+ Kh8 {Hoping for ...f6.
} 21. Qf6+ Kg8 {Threatens to win with ...Qd8.} 22. Qg5+ Kh8 {...f6 is the
strong threat.} 23. Qf6+ {Accuracy: White = 55%, Black = 40%.} 1/2-1/2

[Event "FIN-ch Seniors 2019"]
[Site "Helsinki"]
[Date "2019.06.13"]
[Round "4.3"]
[White "Nyrhinen, Harri"]
[Black "Visti, Heikki"]
[Result "1/2-1/2"]
[WhiteElo "2001"]
[BlackElo "2000"]
[Annotator "NA RC"]
[PlyCount "60"]
[EventDate "2019.06.10"]
[EventType "swiss"]
[EventCountry "FIN"]
[SourceTitle "playchess.com"]
[Source "ChessBase"]
[SourceQuality "1"]
[TimeControl "40/5400+30:1800+30"]

1. e4 {[%emt 0:00:00]} d6 {[%emt 0:00:00]} 2. d4 {[%emt 0:00:00]} Nf6 {[%emt 0:
00:45]} 3. Nc3 {[%emt 0:00:07]} Nbd7 {[%emt 0:01:29]} 4. f4 {[%emt 0:02:00]} e5
{[%emt 0:04:24]} 5. fxe5 {[%emt 0:03:53]} dxe5 {[%emt 0:00:22]} 6. dxe5 {
[%emt 0:08:49]} Nxe5 {[%emt 0:01:24]} 7. Qxd8+ {[%emt 0:03:12]} Kxd8 {[%emt 0:
00:09]} 8. Bf4 {[%emt 0:05:06]} Bd6 {[%emt 0:00:57]} 9. O-O-O {[%emt 0:02:15]}
Ke7 {[%emt 0:00:29]} 10. Nf3 {[%emt 0:18:14]} Nd3+ {[%emt 0:07:35]} 11. Bxd3 {
[%emt 0:01:06]} Bxf4+ {[%emt 0:00:12]} 12. Kb1 {[%emt 0:00:08]} Be6 {[%emt 0:
02:22]} 13. g3 {[%emt 0:18:12]} Bh6 {[%emt 0:02:17]} 14. Rhe1 {[%emt 0:14:33]}
c6 {[%emt 0:02:25]} 15. Nd4 {[%emt 0:04:08]} Rhe8 {[%emt 0:10:00]} 16. Nxe6 {
[%emt 0:01:20]} Kxe6 {[%emt 0:00:33]} 17. Bc4+ {[%emt 0:00:33]} Ke7 {[%emt 0:
00:54]} 18. e5 {[%emt 0:03:37]} Ng8 {[%emt 0:08:32]} 19. Ne4 {[%emt 0:03:08]}
Kf8 {[%emt 0:02:43]} 20. Rd7 {[%emt 0:02:09]} Re7 {[%emt 0:01:51]} 21. Red1 {
[%emt 0:02:09]} g6 {[%emt 0:00:54]} 22. Rxe7 {[%emt 0:02:27]} Kxe7 {[%emt 0:00:
46]} 23. Rf1 {[%emt 0:00:26]} Rf8 {[%emt 0:00:37]} 24. Nd6 {[%emt 0:01:23]} b5
{[%emt 0:02:35]} 25. Rxf7+ {[%emt 0:01:02]} Rxf7 {[%emt 0:01:09]} 26. Bxf7 {
[%emt 0:00:02]} Nf6 {[%emt 0:00:29]} 27. exf6+ {[%emt 0:00:37]} Kxd6 {[%emt 0:
00:06]} 28. Bb3 {[%emt 0:00:20]} c5 {[%emt 0:00:16]} 29. c4 {[%emt 0:00:46]} b4
{[%emt 0:00:27]} 30. Bc2 {[%emt 0:01:20]} Ke5 {[%emt 0:48:18]} 1/2-1/2

[Event "FIN-ch Seniors 2019"]
[Site "Helsinki"]
[Date "2019.06.13"]
[Round "4.4"]
[White "Peltola, Leo"]
[Black "Sihvonen, Tero"]
[Result "1-0"]
[WhiteElo "1933"]
[BlackElo "1983"]
[Annotator "NA RC"]
[PlyCount "39"]
[EventDate "2019.06.10"]
[EventType "swiss"]
[EventCountry "FIN"]
[SourceTitle "playchess.com"]
[Source "ChessBase"]
[SourceQuality "1"]
[TimeControl "40/5400+30:1800+30"]

1. e4 {[%emt 1:30:30]} c5 {[%emt 1:30:30]} 2. Nf3 {[%emt 0:00:30]} Nf6 {
[%emt 0:00:30]} 3. Nc3 {[%emt 0:00:30]} d5 {[%emt 0:00:30]} 4. exd5 {[%emt 0:
00:30]} Nxd5 {[%emt 0:00:30]} 5. Bb5+ {[%emt 0:00:30]} Bd7 {[%emt 0:00:30]} 6.
Bxd7+ {[%emt 0:00:30]} Qxd7 {[%emt 0:00:30]} 7. O-O {[%emt 0:00:30]} Nc6 {
[%emt 0:00:30]} 8. d4 {[%emt 0:00:30]} cxd4 {[%emt 0:00:30]} 9. Nxd4 {[%emt 0:
00:30]} Nxc3 {[%emt 0:00:30]} 10. bxc3 {[%emt 0:00:30]} e6 {[%emt 0:00:30]} 11.
Be3 {[%emt 0:00:30]} Be7 12. Rb1 O-O 13. Qf3 Na5 {[%emt 0:01:30]} 14. Rb5 {
[%emt 0:01:30]} b6 {[%emt 0:00:30]} 15. Rh5 {[%emt 0:00:30]} g6 {[%emt 0:00:30]
} 16. Rh3 {[%emt 0:00:30]} Rfd8 {[%emt 0:00:30]} 17. Rxh7 {[%emt 0:00:30]} Bf8
{[%emt 0:00:30]} 18. Qh3 {[%emt 0:00:30]} Bg7 {[%emt 0:00:30]} 19. Bg5 {
[%emt 0:00:30]} e5 {[%emt 0:00:30]} 20. Rxg7+ {[%emt 0:00:30]} 1-0

[Event "FIN-ch Seniors 2019"]
[Site "Helsinki"]
[Date "2019.06.13"]
[Round "4.5"]
[White "Kangas, Mauno"]
[Black "Leukkunen, Raimo"]
[Result "0-1"]
[WhiteElo "1831"]
[BlackElo "1876"]
[Annotator "NA RC"]
[PlyCount "95"]
[EventDate "2019.06.10"]
[EventType "swiss"]
[EventCountry "FIN"]
[SourceTitle "playchess.com"]
[Source "ChessBase"]
[SourceQuality "1"]
[TimeControl "40/5400+30:1800+30"]

1. Nf3 {[%emt 0:00:00]} f5 {[%emt 0:00:00]} 2. g3 {[%emt 0:00:26]} e6 {[%emt 0:
00:10]} 3. Bg2 {[%emt 0:00:18]} Be7 {[%emt 0:00:11]} 4. c4 {[%emt 0:01:27]} c5
{[%emt 0:01:20]} 5. Nc3 {[%emt 0:00:26]} Nc6 {[%emt 0:00:08]} 6. d4 {[%emt 0:
03:10]} cxd4 {[%emt 0:00:50]} 7. Nxd4 {[%emt 0:00:08]} Nf6 {[%emt 0:00:43]} 8.
a3 {[%emt 0:01:06]} a5 {[%emt 0:06:35]} 9. Ndb5 {[%emt 0:07:45]} O-O {[%emt 0:
00:35]} 10. Nd6 {[%emt 0:01:09]} Ra6 {[%emt 0:05:41]} 11. Ncb5 {[%emt 0:04:12]}
b6 {[%emt 0:11:04]} 12. Bf4 {[%emt 0:06:44]} Nh5 {[%emt 0:05:20]} 13. Nxc8 {
[%emt 0:06:44]} Qxc8 {[%emt 0:00:44]} 14. Nd6 {[%emt 0:05:48]} Qb8 {[%emt 0:01:
09]} 15. Nxf5 {[%emt 0:02:57]} Nxf4 {[%emt 0:00:41]} 16. Nxe7+ {[%emt 0:00:13]}
Nxe7 {[%emt 0:00:21]} 17. gxf4 {[%emt 0:00:26]} Qxf4 {[%emt 0:01:05]} 18. Bf3 {
[%emt 0:03:24]} d6 {[%emt 0:02:09]} 19. Qd3 {[%emt 0:00:51]} Ra7 {[%emt 0:00:
57]} 20. Rd1 {[%emt 0:01:33]} Rd7 {[%emt 0:00:25]} 21. b4 {[%emt 0:00:28]} axb4
{[%emt 0:01:37]} 22. axb4 {[%emt 0:00:02]} Rc8 {[%emt 0:11:32]} 23. Rg1 {
[%emt 0:00:18]} Qxc4 {[%emt 0:04:40]} 24. Rg4 {[%emt 0:06:40]} Qxd3 {[%emt 0:
03:17]} 25. Rxd3 {[%emt 0:00:02]} d5 {[%emt 0:00:49]} 26. e4 {[%emt 0:01:42]}
d4 {[%emt 0:03:52]} 27. e5 {[%emt 0:00:51]} Nf5 {[%emt 0:01:03]} 28. b5 {
[%emt 0:02:49]} Rc5 {[%emt 0:03:04]} 29. Bc6 {[%emt 0:02:10]} Rxe5+ {[%emt 0:
00:37]} 30. Kd2 {[%emt 0:00:38]} Ra7 {[%emt 0:00:32]} 31. Kc1 {[%emt 0:04:05]}
Ra2 {[%emt 0:03:20]} 32. Re4 {[%emt 0:03:58]} Rxe4 {[%emt 0:03:35]} 33. Bxe4 {
[%emt 0:00:03]} Rxf2 {[%emt 0:00:27]} 34. Ra3 {[%emt 0:00:29]} Kf7 {[%emt 0:01:
15]} 35. Ra7+ {[%emt 0:01:09]} Kf6 {[%emt 0:01:11]} 36. Ra6 {[%emt 0:00:59]}
Nd6 {[%emt 0:04:47]} 37. Bd3 {[%emt 0:00:16]} Rf3 {[%emt 0:01:24]} 38. Kd2 {
[%emt 0:00:53]} Rf2+ {[%emt 0:00:50]} 39. Ke1 {[%emt 0:01:21]} Rxh2 {[%emt 0:
03:57]} 40. Rxb6 {[%emt 0:00:15]} Ke5 {[%emt 0:01:04]} 41. Rb8 {[%emt 0:31:24]}
Rb2 {[%emt 0:30:45]} 42. b6 {[%emt 0:01:02]} h5 {[%emt 0:00:58]} 43. Ba6 {
[%emt 0:02:09]} h4 {[%emt 0:00:57]} 44. b7 {[%emt 0:04:43]} h3 {[%emt 0:00:58]}
45. Rd8 {[%emt 0:01:19]} h2 {[%emt 0:02:35]} 46. Rh8 {[%emt 0:00:20]} Nxb7 {
[%emt 0:00:42]} 47. Rh5+ {[%emt 0:00:36]} Kd6 {[%emt 0:00:13]} 48. Kd1 {
[%emt 0:24:32]} 0-1